| 000 | 01343nam a2200325 4500 | ||
|---|---|---|---|
| 001 | 0000018760 | ||
| 003 | CO-CtgCURN | ||
| 005 | 20250331185241.0 | ||
| 007 | ta | ||
| 008 | 160627s2005 000 0 eng d | ||
| 020 | _a8497343581 | ||
| 040 |
_aCO-CtgCURN _bspa _ccoctgcurn |
||
| 082 | 0 |
_a646.75 _bAr692 |
|
| 100 | 1 | _aArrebola Vivas, Emilia. | |
| 245 | 1 | 0 |
_aEstetica o antiestetica? pros y contra de los tratamientos y la cirugia reparadora / _cDra Emilia Arrebola Vivas, José Manuel Lechado. |
| 250 | _a1a ed. | ||
| 260 |
_aMadrid : _bLa esfera de los libros, _c2005. |
||
| 300 | _a348 p. | ||
| 336 | _2rdacontent | ||
| 337 |
_2rdamedia _asin mediacion _bn |
||
| 338 |
_2rdacarrier _avolumen _bnc |
||
| 500 | _aGlosario. | ||
| 504 | _aBibliografia (p.347-348) | ||
| 505 | 8 | _a·Clinica o garito?.--Antiesteticas famosas.--Piercings, tatoos y demas marcas.--Racismo estetico.--Gordos y flacos.--Casi a flor de piel (tratamientos en superficie).--En el quirofano.--Estetica dental.--Arreglos diversos.--Arrepentimiento.--Curiosidades de la historia de la estetica.--Cirujanos y clinicas | |
| 650 | 1 | 4 | _aDermatología. |
| 908 | _a160627 | ||
| 942 |
_cBK _h646.75 _iAr692 _2ddc |
||
| 999 |
_c24118 _d24118 |
||